Les pays les plus riches en ressources naturelles (2024) - Statistiques

Statistiques générales
  • Ce quiz a été pris 50 fois
  • Le résultat moyen est 20 sur 30
Statistiques - réponses
Rang Pays les plus riches en ressources naturelles % Correct
2 Etats Unis
94%
1 Russie
94%
3 Arabie Saoudite
88%
6 Chine
85%
4 Canada
83%
5 Iran
83%
7 Brésil
81%
8 Australie
79%
22 Inde
79%
20 Mexique
79%
21 Algérie
77%
9 Venezuela
75%
23 Indonésie
73%
16 Afrique du Sud
71%
18 Qatar
71%
28 Colombie
69%
12 Kazakhstan
69%
14 Emirats Arabes Unis
67%
25 Turquie
67%
26 Egypte
63%
13 Ukraine
63%
27 Libye
60%
17 Norvège
60%
30 Oman
60%
11 Koweit
58%
15 Nigeria
56%
29 Pérou
52%
24 Turkménistan
38%
19 Angola
35%
10 Iraq
13%
Aucun quiz correspondant
Distribution des résultats
% des personnes avec chaque résultat
Percentile par nombre de réponses
Votre historique - résultats
Vous n’avez pas pris ce quiz